000 01511nam a2200361 a 4500
001 ebr10363220
003 CaPaEBR
006 m u
007 cr cn|||||||||
008 080604s2009 mdua sb 001 0 eng
010 _z 2008023838
020 _z9780801891113 (hardcover : alk. paper)
020 _z0801891116 (hardcover : alk. paper)
020 _z9780801891120 (pbk. : alk. paper)
020 _z0801891124 (pbk. : alk. paper)
040 _aCaPaEBR
_cCaPaEBR
035 _a(OCoLC)647867945
050 1 4 _aRG133.5
_b.P618 2009eb
082 0 4 _a618.1/78
_222
245 0 0 _aPlanning parenthood
_h[electronic resource] :
_bstrategies for success in fertility assistance, adoption, and surrogacy /
_cRebecca A. Clark ... [et al.].
260 _aBaltimore :
_bJohns Hopkins University Press,
_c2009.
300 _axi, 237 p. :
_bill.
504 _aIncludes bibliographical references (p. [225]-231) and index.
533 _aElectronic reproduction.
_bPalo Alto, Calif. :
_cebrary,
_d2013.
_nAvailable via World Wide Web.
_nAccess may be limited to ebrary affiliated libraries.
650 0 _aHuman reproductive technology
_vPopular works.
650 0 _aSurrogate motherhood.
650 0 _aInfertility
_vPopular works.
650 0 _aAdoption.
655 7 _aElectronic books.
_2local
700 1 _aClark, Rebecca A.,
_d1958-
710 2 _aebrary, Inc.
856 4 0 _uhttp://site.ebrary.com/lib/rucke/Doc?id=10363220
_zAn electronic book accessible through the World Wide Web; click to view
999 _c111731
_d111731